00605nam a22001937a 4500003000400000005001700004008004100021020001800062040001000080082001700090100002200107245006200129250003100191260003900222300003400261504005100295650003700346700002800383OSt20150408114217.0140513s2010 maua g b 001 0 eng d a9780321614902 aMa-Un00222a337bHSI1 aHusted, Steven L. aInternational economics /bSteven Husted, Michael Melvin. a8th ed., International ed. aBoston :bPearson Education,c2010 axix, 570 p. :bill. ;c24 cm. aIncludes bibliographical references and index. aInternational economic relations1 aMelvin, Michael,d1948-